| 000 | 00731nam a2200241 a 4500 | ||
|---|---|---|---|
| 001 | 12941 | ||
| 003 | BD-JhCC | ||
| 005 | 20230605174241.0 | ||
| 008 | 230605s20222021b |||| |||| 000 0 b d | ||
| 020 | _a9789849598350 | ||
| 035 | _a(BD-JhCC)12941 | ||
| 040 |
_aBD-JhCC _dBD-JhCC |
||
| 041 | _aben | ||
| 082 |
_a891.443 _bRAS 2022 |
||
| 100 | _aরাস্তি, রাহাত | ||
| 245 |
_aদর্মর পাইলট / _cরাহাত রাস্তি |
||
| 260 |
_aঢাকা : _bআদর্শ, _c২০২২ |
||
| 300 |
_a২৫৫ পৃ. : _c২১ সেমি. |
||
| 504 | _aগ্রন্থপঞ্জি সংযোজিত। | ||
| 650 | _aFiction | ||
| 650 | _aworld war | ||
| 942 |
_2ddc _cBK |
||
| 999 |
_c12941 _d12941 |
||